<?xml version="1.0" encoding="UTF-8"?>
<record
    xmlns:xsi="http://www.w3.org/2001/XMLSchema-instance"
    xsi:schemaLocation="http://www.loc.gov/MARC21/slim http://www.loc.gov/standards/marcxml/schema/MARC21slim.xsd"
    xmlns="http://www.loc.gov/MARC21/slim">

  <leader>00646cam a2200193u  4500</leader>
  <datafield tag="999" ind1=" " ind2=" ">
    <subfield code="c">34754</subfield>
    <subfield code="d">34754</subfield>
  </datafield>
  <controlfield tag="001">8204819</controlfield>
  <controlfield tag="003">OSt</controlfield>
  <controlfield tag="005">20200131111839.0</controlfield>
  <controlfield tag="008">820922s1905    nyu           000 0 eng  </controlfield>
  <datafield tag="040" ind1=" " ind2=" ">
    <subfield code="c">oclc</subfield>
  </datafield>
  <datafield tag="082" ind1=" " ind2=" ">
    <subfield code="a">320.5</subfield>
    <subfield code="b">DUN/H</subfield>
  </datafield>
  <datafield tag="100" ind1=" " ind2=" ">
    <subfield code="a">Dunning, William Archibald </subfield>
    <subfield code="d">1857-1922.</subfield>
    <subfield code="9">1685</subfield>
  </datafield>
  <datafield tag="245" ind1="1" ind2="2">
    <subfield code="a">A History of political theories from Luther to Montesquieu /</subfield>
    <subfield code="c"> William Archibald Dunning</subfield>
  </datafield>
  <datafield tag="260" ind1=" " ind2=" ">
    <subfield code="b">Central Book Depot,</subfield>
    <subfield code="a">Allahabad:</subfield>
    <subfield code="c">1966.</subfield>
  </datafield>
  <datafield tag="300" ind1=" " ind2=" ">
    <subfield code="a">459p</subfield>
  </datafield>
  <datafield tag="650" ind1=" " ind2="0">
    <subfield code="a">Political science</subfield>
    <subfield code="x">History.</subfield>
  </datafield>
  <datafield tag="906" ind1=" " ind2=" ">
    <subfield code="a">0</subfield>
    <subfield code="b">cbc</subfield>
    <subfield code="c">premunv</subfield>
    <subfield code="d">u</subfield>
    <subfield code="e">ncip</subfield>
    <subfield code="f">19</subfield>
    <subfield code="g">y-gencatlg</subfield>
  </datafield>
  <datafield tag="942" ind1=" " ind2=" ">
    <subfield code="2">ddc</subfield>
    <subfield code="c">BK</subfield>
    <subfield code="h">320.5</subfield>
    <subfield code="i">DUN/H</subfield>
    <subfield code="k">320.5</subfield>
    <subfield code="m">DUN/H</subfield>
  </datafield>
</record>
